000 00479nam a2200181Ia 4500
008 090123s9999 xx 000 0 und d
082 _b3016
_a891.463/कदम
100 _aकदम बाबा
245 _aसन्ना
250 _a1
260 _b"रंजना,कनकेश्वर"
300 _a306
600 _aकदम बाबा
630 _aसन्ना
700 _aकदम बाबा
730 _aसन्ना
942 _cBOOK
999 _c41096
_d41096